| 000 | 00539nam a22001577a 4500 | ||
|---|---|---|---|
| 003 | OSt | ||
| 005 | 20151001085730.0 | ||
| 008 | 151001b xxu||||| |||| 00| 0 eng d | ||
| 040 | _cRUA | ||
| 082 | _aAVM អ៊ុក 1992 B065 Or.1 | ||
| 100 |
_91640 _aអ៊ុក ប៊ែរលីណា |
||
| 245 | _aលទ្ធភាពពង្រីកការចិញ្ចឹមជ្រូកជុំវីញរដ្ឋធានីភ្នំពេញ | ||
| 260 |
_aPhnom Pnh _bRUA _c1992 |
||
| 300 |
_a89p. _bill. _c29cm. |
||
| 942 |
_2ddc _cAVM |
||
| 999 |
_c1547 _d1547 |
||